Study skills for science, engineering and technology students / (Record no. 15273)

MARC details
000 -LEADER
fixed length control field 01209nam a2200325 i 4500
003 - CONTROL NUMBER IDENTIFIER
control field EG-ScBUE
005 - DATE AND TIME OF LATEST TRANSACTION
control field 20240821141454.0
008 - FIXED-LENGTH DATA ELEMENTS--GENERAL INFORMATION
fixed length control field 110512s2009 enka f b 001 0 eng d
020 ## - INTERNATIONAL STANDARD BOOK NUMBER
International Standard Book Number 0273720732
020 ## - INTERNATIONAL STANDARD BOOK NUMBER
International Standard Book Number 9780273720737
040 ## - CATALOGING SOURCE
Original cataloging agency EG-ScBUE
Language of cataloging eng
Description conventions rda
Transcribing agency EG-ScBUE
Modifying agency EG-ScBUE
082 04 - DEWEY DECIMAL CLASSIFICATION NUMBER
Edition number 22
Classification number 507.11
Item number MAI
100 1# - MAIN ENTRY--PERSONAL NAME
9 (RLIN) 23779
Personal name Maier, Pat,
Relator term author.
245 10 - TITLE STATEMENT
Title Study skills for science, engineering and technology students /
Statement of responsibility, etc Pat Maier, Anna Barney and Geraldine Price.
264 #1 - PUBLICATION, DISTRIBUTION, ETC. (IMPRINT)
Place of publication, distribution, etc Harlow, England :
Name of publisher, distributor, etc Pearson Education,
Date of publication, distribution, etc 2009.
300 ## - PHYSICAL DESCRIPTION
Extent x, 430 pages :
Other physical details illustrations ;
Dimensions 24 cm
336 ## - CONTENT TYPE
Source rdacontent
Content type term text
Content type code txt
337 ## - MEDIA TYPE
Media type term unmediated
Source rdamedia
Media type code n
338 ## - CARRIER TYPE
Carrier type term volume
Carrier type code nc
Source rdacarrier
504 ## - BIBLIOGRAPHY, ETC. NOTE
Bibliography, etc Includes bibliographical references and index.
650 #7 - SUBJECT ADDED ENTRY--TOPICAL TERM
9 (RLIN) 14009
Topical term or geographic name as entry element Study skills.
Source of heading or term BUEsh
650 #7 - SUBJECT ADDED ENTRY--TOPICAL TERM
9 (RLIN) 23780
Topical term or geographic name as entry element Science
General subdivision Study and teaching (Higher)
Source of heading or term BUEsh
650 #7 - SUBJECT ADDED ENTRY--TOPICAL TERM
9 (RLIN) 23781
Topical term or geographic name as entry element Technology
General subdivision Study and teaching (Higher)
Source of heading or term BUEsh
650 #7 - SUBJECT ADDED ENTRY--TOPICAL TERM
9 (RLIN) 23782
Topical term or geographic name as entry element Technology
Topical term following geographic name as entry element Engineering
General subdivision Study and teaching (Higher)
Source of heading or term BUEsh
653 ## - INDEX TERM--UNCONTROLLED
Arrived date list May2011
655 ## - INDEX TERM--GENRE/FORM
Form subdivision Reading book
700 1# - ADDED ENTRY--PERSONAL NAME
9 (RLIN) 23777
Personal name Barney, Anna,
Relator term author.
700 1# - ADDED ENTRY--PERSONAL NAME
9 (RLIN) 23778
Personal name Price, Geraldine,
Relator term author.
942 ## - ADDED ENTRY ELEMENTS (KOHA)
Source of classification or shelving scheme Dewey Decimal Classification
Koha item type Book - Borrowing
Holdings
Withdrawn status Lost status Source of classification or shelving scheme Damaged status Not for loan Collection code Home library Current library Shelving location Date acquired Source of acquisition Total Checkouts Full call number Barcode Date last seen Price effective from Koha item type
    Dewey Decimal Classification     Donation-Gift Central Library Central Library First floor 12/05/2011 Donation   507.11 MAI 000023541 15/07/2025 12/05/2011 Book - Borrowing